Handbook of Process Chromatography Development, Manufacturing, Validation and Economics

Enregistré dans:
Détails bibliographiques
Auteurs principaux: Hagel, Lars, Jagschies Günter (Auteur), Sofer, Gail (Auteur)
Format: Livre
Langue:anglais
Publié: Amsterdam Elsevier 2008
Édition:2nd edit.
Sujets:
Accès en ligne:Voir à l'OPAC
Tags: Ajouter un tag
Pas de tags, Soyez le premier à ajouter un tag!

MARC

LEADER 00000nam a2200000 a 4500
005 20260127134257.0
008 120612 2008 000 0 eng d
020 |a 9780123740236 
035 |a vtls010429123 
039 9 |a 201206120937  |b mschk03  |y 201206120933  |z mschk03 
040 |a STUSCHK1  |b slo  |c STUSCHK1  |e AACR2 
080 |a 543/.089 
100 1 |a Hagel, Lars 
245 1 |a Handbook of Process Chromatography  |b Development, Manufacturing, Validation and Economics  |c Lars Hagel, Günter Jagschies, Gail Sofer 
250 |a 2nd edit. 
260 |a Amsterdam  |b Elsevier  |c 2008 
300 |a xiii, 363 p.  |b ill.  |c 24 cm + 1 CD 
650 0 |a Chromatographic analysis  |x Industrial applications 
700 1 |a Jagschies Günter  |4 aut 
700 1 |a Sofer, Gail  |4 aut 
910 |a SCHK95 
919 |a 978-0-12-374023-6 
999 |c 8559  |d 8559